| 000 | 01036nam a2200265Ia 4500 | ||
|---|---|---|---|
| 003 | OSt | ||
| 005 | 20221005104302.0 | ||
| 006 | a|||||r|||| 00| 0 | ||
| 007 | ta | ||
| 008 | 221004b |||||||| |||| 00| 0 hin d | ||
| 020 |
_a9788177023176 (hbk) _c1195 |
||
| 024 | _a8905 | ||
| 037 |
_b237, 17/12/2013, Eastern Book Linkers _cTextual |
||
| 040 |
_aCRL _cCRL _bhin |
||
| 041 |
_2hin _ahin |
||
| 082 | _aQ12:21:g(Delta2:864), 152Q3 | ||
| 100 | _aधीर, अपर्णा | ||
| 245 | 0 | _aयजुर्वेदीय ब्राह्मणों में ज्योतिड्ढ के तत्त्व | |
| 246 | _aYajurvedīya brāhmaṇoan mean jyotiḍḍha ke tattva | ||
| 260 |
_aदिल्ली _bप्रतिभा प्रकाशन भारत _c2013 |
||
| 300 |
_a531पृ0 _ccm. |
||
| 650 | _aधर्म | ||
| 942 |
_hQ12:21:g(Delta2:864), 152Q3 _cTEXL _2cc |
||
| 999 |
_c1012266 _d1012266 |
||